000 01443cam a22004333a 4500
001 2729
005 20240111120213.0
020 _a0439795702 (pbk.)
020 _a1415689733 (BWI bdg.)
020 _a9780439795708
040 _aBKX
_cBKX
_dBAKER
_dDLC
_beng
050 0 0 _aPZ7.L3274
082 0 4 _a813.54
_222
100 1 _aLasky, Kathryn
245 1 0 _aTo be a king /
_cby Kathryn Lasky
250 _aFirst printing, February 2006
260 _aNew York :
_bScholastic,
_c2006
300 _a206 pages :
_billustrations ; maps ;
_c20 cm
490 1 _aGuardians of Ga'hoole ;
_vBook 11
500 _aSequel to: The coming of Hoole.
500 _a"Apple Series"--Cover p. [4]
500 _aIncludes a sneak preview of The golden tree by Kathryn Lasky.
505 _aR
520 _aHoole uses the power of the Ember in the final, decisive battle and searches for the ideal place to establish an order of free owls.
521 0 _a800
_bLexile estimate
521 1 _aR
_bRaz-Plus
650 0 _aOwls
_vJuvenile fiction.
650 0 _aLegends
_vJuvenile fiction.
650 0 _aMagic
_vJuvenile fiction.
650 0 _aGood and evil
_vJuvenile fiction.
650 1 _aOwls
_vFiction.
650 1 _aFolklore
_vFiction.
650 1 _aMagic
_vFiction.
650 1 _aGood and evil
_vFiction.
650 1 _aFantasy.
655 7 _aFantasy fiction.
_2gsafd
906 _a7
_bcbc
_ccopycat
_d2
_encip
_f20
_gy-gencatlg
942 _2ddc
_cBK
_n0
999 _c2729
_d2729